000
00246nam a2200097Ia 4500
005
20250424112832.0
008
250424s9999 xx 000 0 und d
300
_a
524 p. : ill. ; 26 cm.
650
_a
Corporations--Finance--Periodicals
942
_c
SR
999
_c
37413
_d
37413